Cities in Kuyavian-Pomeranian Voivodeship - Statistics

General Stats
  • This quiz has been taken 60 times
  • The average score is 24 of 52
Answer Stats
Population Answer % Correct
358 500 Bydgoszcz
100%
203 000 Toruń
100%
114 000 Włocławek
93%
97 400 Grudziądz
91%
74 800 Inowrocław
91%
20 500 Chełmno
77%
10 700 Ciechocinek
74%
28 500 Brodnica
70%
15 000 Chełmża
70%
26 300 Świecie
67%
14 200 Żnin
65%
12 500 Aleksandrów Kujawski
63%
19 100 Nakło nad Notecią
63%
12 200 Mogilno
60%
13 950 Tuchola
60%
14 900 Lipno
58%
16 800 Rypin
58%
15 600 Solec Kujawski
58%
13 000 Golub-Dobrzyń
56%
9 000 Kruszwica
56%
11 300 Koronowo
51%
4 700 Kcynia
49%
3 500 Kowal
49%
2 000 Nieszawa
49%
9 500 Szubin
49%
14 000 Wąbrzeźno
49%
3 800 Jabłonowo Pomorskie
44%
4 200 Kowalewo Pomorskie
42%
4 400 Piotrków Kujawski
42%
1 900 Radzyń Chełmiński
42%
9 000 Janikowo
37%
9 350 Sępólno Krajeńskie
37%
6 000 Więcbork
37%
3 600 Skępe
33%
2 300 Dobrzyń nad Wisłą
30%
5 800 Radziejów
30%
7 700 Barcin
28%
4 700 Brześć Kujawski
21%
6 100 Nowe
21%
2 700 Izbica Kujawska
19%
4 000 Janowiec Wielkopolski
19%
4 300 Mrocza
19%
4 500 Łabiszyn
16%
5 700 Pakość
16%
7 200 Gniewkowo
14%
5 800 Strzelno
14%
1 900 Chodecz
12%
1 400 Górzno
12%
2 400 Kamień Krajeński
12%
3 400 Łasin
12%
1 400 Lubień Kujawski
9%
3 100 Lubraniec
9%
No matching quizzes found
Score Distribution
Percent of People with Each Score
Percentile by Number Answered
Your Score History
You have not taken this quiz